| 000 | 01158nam a2200313Ia 4500 | ||
|---|---|---|---|
| 001 | ebr10075097 | ||
| 003 | CaPaEBR | ||
| 006 | m u | ||
| 007 | cr cn||||||||| | ||
| 008 | 900927s1989 nju s 001 0 eng d | ||
| 020 | _z0871272725 | ||
| 020 | _z0871270013 | ||
| 040 |
_aCaPaEBR _cCaPaEBR |
||
| 035 | _a(OCoLC)57686776 | ||
| 050 | 1 | 4 |
_aGV1783 _b.M37 1989eb |
| 100 | 1 |
_aMartin, John Joseph, _d1893- |
|
| 245 | 1 | 4 |
_aThe modern dance _h[electronic resource] / _cby John Martin. |
| 260 |
_aPrinceton, NJ : _bPrinceton Book Co., _c1989. |
||
| 300 | _a123 p. | ||
| 500 | _a"Unabridged republication of the original edition, first published in 1933." | ||
| 500 | _a"A Dance Horizons Book." | ||
| 500 | _aIncludes index. | ||
| 533 |
_aElectronic reproduction. _bPalo Alto, Calif. : _cebrary, _d2009. _nAvailable via World Wide Web. _nAccess may be limited to ebrary affiliated libraries. |
||
| 650 | 0 | _aModern dance. | |
| 650 | 0 | _aDance. | |
| 655 | 7 |
_aElectronic books. _2local |
|
| 710 | 2 | _aebrary, Inc. | |
| 856 | 4 | 0 |
_uhttp://site.ebrary.com/lib/rucke/Doc?id=10075097 _zAn electronic book accessible through the World Wide Web; click to view |
| 999 |
_c45170 _d45170 |
||